|
|
|
|
| LEADER |
00744pam a22001938a 4500 |
| 001 |
00016611 |
| 005 |
20171026081022.0 |
| 008 |
110411s1995 ||||||Viesd |
| 041 |
0 |
# |
|a Vie
|
| 082 |
1 |
# |
|a 335.43
|b C000M
|
| 245 |
0 |
0 |
|a C.Mác và Ph.Ăng - ghen toàn tập
|n T.26
|p Phần III
|
| 260 |
# |
# |
|a H.
|b Chính trị Quốc gia
|c 1995
|
| 300 |
# |
# |
|a 929 tr.
|c 22 cm.
|
| 653 |
# |
# |
|a C. Mác
|a Ph.Ăng-ghen
|a Tư bản
|a tích lũy
|a Trường phái Ri-ca-đô
|a Lợi nhuận
|a thu nhập
|a sản xuất
|
| 852 |
# |
# |
|b Kho mượn
|j KM.0001028
|
| 852 |
# |
# |
|b Kho đọc
|j KD.0001937
|
| 852 |
# |
# |
|j KD.0001937
|j KM.0001028
|
| 910 |
|
|
|d 11/04/2011
|
| 980 |
# |
# |
|a Trung tâm Học liệu Lê Vũ Hùng, Trường Đại học Đồng Tháp
|